El comentario filológico de textos
Gorde:
| Egile nagusia: | |
|---|---|
| Formatua: | Liburua |
| Hizkuntza: | gaztelania |
| Argitaratua: |
Madrid
Arco Libros
2002
|
| Edizioa: | 2a. ed |
| Saila: | Comentario de Textos, 7
|
| Gaiak: | |
| Etiketak: |
Etiketa erantsi
Etiketarik gabe, Izan zaitez lehena erregistro honi etiketa jartzen!
|
MARC
| LEADER | 00000nam a2200000 a 4500 | ||
|---|---|---|---|
| 001 | UCH4666 | ||
| 003 | CL-VaPUC | ||
| 008 | 090827e20020000SP |||||||||||||||||spa|d | ||
| 020 | |a 8476353340 | ||
| 082 | 0 | 4 | |a 401.41 |b ARI |2 21 |
| 100 | 0 | |a Ariza, Manuel |e author |9 540327 | |
| 245 | 1 | 3 | |a El comentario filológico de textos |
| 250 | |a 2a. ed | ||
| 300 | |a 96 p | ||
| 942 | |c BK | ||
| 945 | |d 20090827 00:00:00 |a dcastane | ||
| 260 | |a Madrid |b Arco Libros |c 2002 | ||
| 650 | 0 | |a Análisis del discurso |9 256696 | |
| 650 | 0 | |a Lingüística |9 265068 | |
| 650 | 0 | |a Filología |9 321245 | |
| 650 | 7 | |a COMENTARIO DE TEXTOS |2 CL-VaPUC |9 540328 | |
| 583 | |a last modification |c 20090827 00:00:00 |k Rodrigo Vera | ||
| 490 | 0 | |a Comentario de Textos, 7 | |
| 999 | |c 335939 |d 335937 | ||
| 952 | |0 0 |1 0 |4 0 |6 401_410000000000000_ARI_2002 |7 0 |8 A |9 426795 |a BIBEDU |b BIBEDU |d 2019-11-22 |i 4593790 |o 401.41 ARI 2002 |p 4593790 |r 2019-11-22 |w 2019-11-22 |y BK |k LIT | ||